| 000 | 00612nam a22001937a 4500 | ||
|---|---|---|---|
| 003 | OSt | ||
| 005 | 20260506065253.0 | ||
| 008 | 260506b |||||||| |||| 00| 0 eng d | ||
| 020 | _a9781910680056 | ||
| 040 |
_aDWCL Main Lib. _cOC |
||
| 082 | _aGR 423 W377 2015 | ||
| 245 | _aWebster's new universal dictionary and thesaurus | ||
| 250 | _aPhilippine edition. | ||
| 260 |
_aManila, Philippines : _bWS Pacific Publications, Inc., _cc2015 |
||
| 300 |
_a920 pages : _billustrations ; _c27cm. |
||
| 650 | _a1. English Language -- Dictionary. | ||
| 650 | _a2. English Language -- Thesaurus | ||
| 942 |
_2ddc _cGR _n0 |
||
| 999 |
_c10282 _d10282 |
||